00703nam a22002057a 450000500170000001000150001702000260003203500140005803700130007208200100008510000190009524500600011426000460017427000640022030000270028450000200031194200240033199900190035595201230037420180503104112.0 aENG-122710 c395.00a9788190554689 aEN-106242 bDBAD/PUB a780.3 aHue, Christina aA comprehensive dictionary of music /cby Christina Hue aPanchkula (H.R.)bDelhi Book Bureauc2012 aS.C.O. 43, First Floor, Swastik Viahr MDCbPanchkula (H.R.) a192p. c21cm(Hb)bill. aIt include Note 2ddccENmHUEh780.3 c151540d151540 001040718NFICaDBADbZLSd2018-04-19eDBAD/PUBg395.00l0o780.3 HUEpEN-106242r2018-04-19 00:00:00t1v395.00yEN